00726nam a2200181 a 450000100100000000500170001000800410002702000150006804000250008308200150010810000220012324000410014524500760018626000580026230000210032095201860034199900170052700003540520200930074322.0111031s1983 ag b 000 0 spa d a950150235x aDO-SdBNPbspacBNPHU axxxbA917c1 aAuel, Jean96118214aThe Clan of the Cave Bearlespañol13aEl clan del oso cavernario /cJean M. Auel ; tradución Leonor Tejada. aArgentina :bJavier Vergara editor,c1983. :bmap. ;. a342 p. ;c20 cm. 001050718MOaGRbGRcCTd2011-10-31iLF1l0oxxx A917cp35405-10r2020-06-25w2020-06-25y1zPerteneció a la biblioteca personal de Juan Isidro Jimenes- GrullónZNo se presta c34896d34896